MARC details
| 000 -LEADER |
| fixed length control field |
02721cam a2200385 i 4500 |
| 001 - CONTROL NUMBER |
| control field |
on1537965717 |
| 003 - CONTROL NUMBER IDENTIFIER |
| control field |
EG-ScBUE |
| 005 - DATE AND TIME OF LATEST TRANSACTION |
| control field |
20260407102906.0 |
| 008 - FIXED-LENGTH DATA ELEMENTS--GENERAL INFORMATION |
| fixed length control field |
250609t2026 nyua f b 001 0 eng d |
| 020 ## - INTERNATIONAL STANDARD BOOK NUMBER |
| International Standard Book Number |
9781032853697 |
| 035 ## - SYSTEM CONTROL NUMBER |
| System control number |
(OCoLC)1537965717 |
| 040 ## - CATALOGING SOURCE |
| Original cataloging agency |
DLC |
| Language of cataloging |
eng |
| Description conventions |
rda |
| Transcribing agency |
DLC |
| Modifying agency |
OCLCO |
| -- |
IG# |
| -- |
YDX |
| -- |
EG-ScBUE |
| 082 04 - DEWEY DECIMAL CLASSIFICATION NUMBER |
| Classification number |
777.9 |
| Edition number |
22 |
| Item number |
VES |
| 245 04 - TITLE STATEMENT |
| Title |
The VES handbook of visual effects : |
| Remainder of title |
industry standard VFX practices and procedures / |
| Statement of responsibility, etc |
edited by Jeffrey A. Okun, VES, Susan Zwerman, VES, Susan Thurmond O'Neal. |
| 246 30 - VARYING FORM OF TITLE |
| Title proper/short title |
Visual Effects Society handbook of visual effects |
| 250 ## - EDITION STATEMENT |
| Edition statement |
Fourth edition. |
| 264 #1 - PUBLICATION, DISTRIBUTION, ETC. (IMPRINT) |
| Place of publication, distribution, etc |
New York : |
| Name of publisher, distributor, etc |
Routledge, Taylor & Francis Group, |
| Date of publication, distribution, etc |
[2026] |
| 264 #4 - PUBLICATION, DISTRIBUTION, ETC. (IMPRINT) |
| Date of publication, distribution, etc |
©2026 |
| 300 ## - PHYSICAL DESCRIPTION |
| Extent |
xxix, 847 pages : |
| Other physical details |
illustrations (chiefly color) ; |
| Dimensions |
26 cm |
| 336 ## - CONTENT TYPE |
| Content type term |
text |
| Content type code |
txt |
| Source |
rdacontent |
| 337 ## - MEDIA TYPE |
| Media type term |
unmediated |
| Media type code |
n |
| Source |
rdamedia |
| 338 ## - CARRIER TYPE |
| Carrier type term |
volume |
| Carrier type code |
nc |
| Source |
rdacarrier |
| 500 ## - GENERAL NOTE |
| General note |
First edition published by Focal Press 2010. Third edition published by Routledge 2021. |
| 504 ## - BIBLIOGRAPHY, ETC. NOTE |
| Bibliography, etc |
Includes bibliographical references and index. |
| 520 ## - SUMMARY, ETC. |
| Summary, etc |
"The award-winning VES Handbook of Visual Effects remains the most comprehensive guide to visual effects techniques and best practices available. This edition has been updated to the latest industry techniques, technologies, and workflows. The Visual Effects Society's (VES) original authors have updated their areas of expertise, including AR/VR, AI, Color Management, Cameras, VFX Editorial, Digital Intermediate processes, interactive games, and full animation. These 95 experts share their best methods, tips, tricks, and shortcuts developed through decades of trial-and- error and real-world, hands-on experience. This Fourth Edition is updated to include and reflect the evolving and expanded techniques, and adds new sections including evolving technologies such as AI and virtual production. A must-have for anyone working in or aspiring to work in visual effects, The VES Handbook of Visual Effects, Fourth Edition, covers essential techniques and solutions for all VFX artists, producers, and supervisors. With subjects and techniques clearly and definitively presented in beautiful four-color, this handbook is a vital resource for any serious visual effects artist"-- Provided by publisher. |
| 650 #7 - SUBJECT ADDED ENTRY--TOPICAL TERM |
| Topical term or geographic name as entry element |
Cinematography |
| General subdivision |
Special effects |
| Form subdivision |
Handbooks, manuals, etc. |
| Source of heading or term |
BUEsh |
| 650 #7 - SUBJECT ADDED ENTRY--TOPICAL TERM |
| Topical term or geographic name as entry element |
Digital video |
| Form subdivision |
Handbooks, manuals, etc. |
| Source of heading or term |
BUEsh |
| 650 #7 - SUBJECT ADDED ENTRY--TOPICAL TERM |
| Topical term or geographic name as entry element |
Digital cinematography |
| Form subdivision |
Handbooks, manuals, etc. |
| Source of heading or term |
BUEsh |
| 653 ## - INDEX TERM--UNCONTROLLED |
| Arrived date list |
April2026 |
| Resource For college |
Arts and Design |
| 655 ## - INDEX TERM--GENRE/FORM |
| Form subdivision |
Reading book |
| 700 1# - ADDED ENTRY--PERSONAL NAME |
| Personal name |
Okun, Jeffrey A., |
| Relator term |
editor. |
| 700 1# - ADDED ENTRY--PERSONAL NAME |
| Personal name |
Zwerman, Susan, |
| Relator term |
editor. |
| 700 1# - ADDED ENTRY--PERSONAL NAME |
| Personal name |
Thurmond O'Neal, Susan, |
| Relator term |
editor. |
| 942 ## - ADDED ENTRY ELEMENTS (KOHA) |
| Source of classification or shelving scheme |
Dewey Decimal Classification |
| Koha item type |
Book - Borrowing |